Normal view
MARC view
- FITZGERALD,FRANCES
Entry Personal Name
001 - CONTROL NUMBER
- control field: 133480
003 - CONTROL NUMBER IDENTIFIER
- control field: NUST
005 - DATE AND TIME OF LATEST TRANSACTION
- control field: 20260227094754.0
008 - FIXED-LENGTH DATA ELEMENTS
- fixed length control field: 260227|| aca||aabn | a|a d
040 ## - CATALOGING SOURCE
- Original cataloging agency: NUST
- Transcribing agency: NUST
100 ## - HEADING--PERSONAL NAME
- Personal name: FITZGERALD,FRANCES
670 ## - SOURCE DATA FOUND
- Source citation: Work cat.: (NUST): FITZGERALD,FRANCES., WAY OUT THERE IN THE BLUE /, 2000.
